Statistics for 2024 NHL Playoff teams

Click here to take the quiz!

General Stats

  • This quiz has been taken 88 times
  • The average score is 15 of 16

Answer Stats

Answer% Correct
Dallas Stars
97%
Edmonton Oilers
97%
Vegas Golden Knights
97%
Boston Bruins
96%
Tampa Bay Lightning
96%
New York Rangers
95%
Florida Panthers
93%
Los Angeles Kings
93%
Carolina Hurricanes
92%
Colorado Avalanche
92%
New York Islanders
92%
Vancouver Canucks
92%
Washington Capitals
92%
Nashville Predators
89%
Winnipeg Jets
89%
Toronto Maple Leaves
80%

Score Distribution

Percentile by Number Answered

Percent of People with Each Score

Your Score History

You have not taken this quiz